00642nam a2200193Ia 4500001002800000003000900028008004100037040002300078041001300101100002400114245005600138250001500194260003600209300001900245490003200264500001900296501012400315520000900439271.909 2-BOC ma do (15056)IT-MiSPE171229s9999||||xx |||||||||||||| ||und|| aIT-MiSPEcIT-MiSPE aITALIANO aMassimo Boccaletti  0aDon Domenico MasibQuando la carità è un affare a1a ed. (v) aCinisello B.mobSan Paoloc2002 a110 p. c20 cm aFondatori e riformatoriv63 aMasi, Domenico aEdizioni San Paolo srl - Piazza Soncino, 5 - 20092 CINISELLO BALSAMO (MI) (non commercial uses only) ® Copyright 2018 aTav.